new way out - Poppy (All Lyrics) - Statistics

General Stats
  • This quiz has been taken 4 times
  • The average score is 143 of 253
Answer Stats
Answer % Correct
a
100%
give
100%
I
100%
me
100%
need
100%
new
100%
New
100%
out
100%
out,
100%
way,
100%
way
100%
Ah
75%
and
75%
And
75%
down
75%
down?
75%
Down,
75%
I'm
75%
push
75%
the
75%
The
75%
Are
50%
are
50%
become
50%
before
50%
can
50%
'Cause
50%
face
50%
forced
50%
get
50%
Get
50%
gonna
50%
I've
50%
keep
50%
loud
50%
Or
50%
Poppy
50%
pull
50%
scream
50%
screams
50%
see
50%
silence
50%
so
50%
They
50%
they
50%
to
50%
up
50%
who
50%
you
50%
You
50%
again
25%
all
25%
always
25%
back
25%
believe
25%
bend
25%
bottom
25%
brave
25%
But
25%
cannot
25%
caught
25%
consume
25%
deep,
25%
demons
25%
don't
25%
enough
25%
everything
25%
feeling
25%
if
25%
If
25%
I'll
25%
in
25%
in,
25%
it
25%
left
25%
let
25%
loneliness
25%
lost
25%
make
25%
my
25%
myself
25%
No,
25%
nothing,
25%
nothing's
25%
oh
25%
oh-oh
25%
(on
25%
on)
25%
own
25%
pretty
25%
reckoning
25%
risk,
25%
take
25%
they'll
25%
They're
25%
things
25%
'til
25%
too
25%
trying
25%
twist,
25%
wanna
25%
you're
25%
yours
25%
bare
0%
choose
0%
know
0%
leave
0%
mean
0%
pain
0%
shift
0%
No matching quizzes found
Score Distribution
Percent of People with Each Score
Percentile by Number Answered
Your Score History
You have not taken this quiz